000 00302nam a2200121Ia 4500
008 191201s2012 xx 000 0 und d
100 _aLAUDON,Kenneth
245 0 _aEssentials of Management Information Systems
260 _aN.Delhi
_bPearson
_c2012
300 _aMisc
650 _aMCA
942 _2ddc
_cBK
999 _c6090
_d6090